000
00305nam a2200109Ia 4500
008
211018s9999 xx 000 0 und d
082
_a
005.73
100
_a
Srivastava, S. K. / Srivastava, Deepali
245
_a
Data Structures Through C in Depth
260
_a
N. Delhi
_b
BPB Publications
_c
2018
942
_c
Z
999
_c
84017
_d
84017